000
00306nam a22001337a 4500
008
170804b xxu||||| |||| 00| 0 eng d
020
_a
0691084793
041
_a
eng
080
_a
004
100
_a
33
101
_a
SHKI
245
_a
AUTOMATA NETWORKS IN COMPUTER SCIENCE
_c
SOULIE, F.F
942
_2
udc
_c
BK
999
_c
22688
_d
22688